000 00519nam a22001937a 4500
999 _c526711
_d526711
003 NUST
005 20190715094625.0
008 190715b ||||| |||| 00| 0 eng d
038 _aFaiza
082 _a020.4
_bABI
100 _aAbidi, Raza Ali
_917705
245 _aKutab Khana /
_cRaza Ali Abidi
260 _aLahore:
_bSang-E-Meel Publications ,
_c1994.
300 _a167p. ;
500 _aHard Cover
880 _6100-01\r
_aرضا علی عابدی
880 _6245-02\r
_a /کتب خانہ
942 _2ddc
_cBK